| 000 | 00891aas a2200229 4500 | ||
|---|---|---|---|
| 999 |
_c53637 _d53637 |
||
| 001 | 768714001 | ||
| 003 | CO-MdFUSB | ||
| 005 | 20171030093148.0 | ||
| 008 | 170727s1996 xxu||||| |||| 00| 0 eng d | ||
| 022 | _a0098-9444 | ||
| 040 |
_aCO-MdFUSB _bspa _cCO-MdFUSB _dCO-MdFUSB |
||
| 041 | _aspa | ||
| 100 | 1 |
_aReich, Ronny _eautor |
|
| 242 |
_a"Dios sabe sus nombres" : _btumba cristiana masiva revelada en Jerusalém |
||
| 245 | 1 | 0 |
_a"God knows their names" : _bmass christian grave revealed in Jerusalem _c/ Ronny Reich |
| 300 |
_aVolumen 22. Número 2 (1996), páginas 26-33 _c: 28 cm. |
||
| 520 | 1 | _aUn proyecto de desarrollo en Jerusalém descubre una tumba cristiana masiva. | |
| 546 | _aTexto en inglés | ||
| 650 | 7 |
_9403 _aExcavaciones arqueológicas |
|
| 773 | 0 |
_tBiblical Archaeology Review _049395 _959495 _gVolumen 22. Número 2 (1996), páginas 26-33 _qPágina 26 |
|
| 942 | _cANA | ||